| 000 | 01737nam a2200289 i 4500 | ||
|---|---|---|---|
| 003 | CSPC | ||
| 005 | 20250820160803.0 | ||
| 008 | 250820s2023 -uka b 001 0 eng d | ||
| 020 | _a9781108831055 | ||
| 040 |
_cCSPC _aCSPC _beng _erda |
||
| 050 | 0 | 4 |
_aTA352 _b.J35 2023 |
| 082 | 0 | 4 |
_a620.104 _bJ216d _223 |
| 100 | 1 |
_aJalili, Nader, _eauthor. |
|
| 245 | 1 | 0 |
_aDynamic systems and control engineering / _cNader Jalili and Nicholas W. Candelino. |
| 264 | 1 |
_aCambridge, United Kingdom : _bCambridge University Press, _c2023. |
|
| 300 |
_axxv, 920 pages : _billustrations ; _c26 cm. |
||
| 336 |
_2rdacontent _atext |
||
| 337 |
_2rdamedia _aunmediated |
||
| 338 |
_2rdacarrier _avolume |
||
| 504 | _aIncludes bibliographical references and index. | ||
| 505 | 0 | _aPart I. Modeling of multi-domain dynamic systems -- Introduction to dynamic systems -- Modeling of mechanical systems -- Modeling of electrical systems -- Modeling of multi-domain systems -- Part II. Analysis of multi-domain dynamic systems -- Dynamic system response -- System response characteristics -- System transfer function analysis -- Part III. Introduction to feedback systems -- Analysis of feedback control system -- Root locus techniques -- Frequency-domain methods -- Implementation of feedback control systems -- Part IV. Analysis and feedback control of modern systems -- State-space representation and analysis -- State-space control system design -- Advanced topics in control engineering. | |
| 650 | 0 | _aDynamics. | |
| 650 | 0 | _aControl theory. | |
| 700 | 1 |
_aCandelino, Nicholas W., _eauthor. |
|
| 942 |
_2ddc _n0 _cBK _e23 _h620.104 _iJ216d _kENG _m2023 |
||
| 999 |
_c30138 _d30138 |
||